European Countries by Legal Name - Statistics

General Stats
  • This quiz has been taken 20 times
  • The average score is 9 of 16
Answer Stats
Common Name Legal Name % Correct
Russia Russian Federation
76%
France French Republic
71%
Belgium Kingdom of Belgium
71%
Netherlands Kingdom of the Netherlands
65%
Austria Republic of Austria
65%
Croatia Republic of Croatia
65%
UK United Kingdom of Great Britain and Northern Ireland
65%
Bosnia Bosnia and Herzegovina
59%
Romania Romania
59%
Czech Republic Czech Republic
53%
Germany Federal Republic of Germany
53%
Luxembourg Grand Duchy of Luxembourg
53%
Slovakia Slovak Republic
53%
Andorra Principality of Andorra
47%
Switzerland Swiss Confederation
47%
Vatican City Vatican City State
12%
No matching quizzes found
Score Distribution
Percent of People with Each Score
Percentile by Number Answered
Your Score History
You have not taken this quiz